Statistics for Countries by Second and Third Letter #4

Click here to take the quiz!

General Stats

  • This quiz has been taken 1,963 times
    (1,778 since last reset)
  • The average score is 13 of 23

Answer Stats

2nd and 3rd LetterCountry% Correct
NDIndia
81%
ANCanada
80%
USRussia
78%
OLPoland
76%
NDAndorra
74%
OLBolivia
73%
NDIndonesia
70%
OLColombia
67%
ANPanama
65%
OLMoldova
60%
USAustralia
58%
RISri Lanka
58%
ANTanzania
57%
WARwanda
56%
USAustria
55%
RITrinidad and Tobago
49%
ANBangladesh
46%
RUBrunei
45%
ANSan Marino
42%
RIEritrea
41%
RUUruguay
38%
ANVanuatu
37%
OLSolomon Islands
30%

Score Distribution

Percentile by Number Answered

Percent of People with Each Score

Your Score History

You have not taken this quiz since the last reset